000 00296nam a2200133Ia 4500
005 20260328101515.0
008 260328s9999||||xx |||||||||||||| ||und||
100 _aLee, Uje
245 0 _aChurches /
_cUje Lee
260 _bC3
300 _a241 p.
650 _aARQUITECTURA RELIGIOSA
942 _cBK
999 _c9338
_d9338